مكتبة جامعة عجلون الوطنية

فهرس بحث المكتبة

Normal view MARC view
  • اعداد الديوان الملكي العاشمي العامر؛ جمع وتحرير منتهى قبلان العبداللات؛ المتابعة والتنسيق جنان زكي ابو زياد واحرون

Entry Personal Name

Number of records used in: 1

001 - CONTROL NUMBER

  • control field: 58812

003 - CONTROL NUMBER IDENTIFIER

  • control field: JO-AjAnu

005 - DATE AND TIME OF LATEST TRANSACTION

  • control field: 20230606083625.0

008 - FIXED-LENGTH DATA ELEMENTS

  • fixed length control field: 230606|| aca||aabn | a|a d

040 ## - CATALOGING SOURCE

  • Original cataloging agency: JO-AjAnu
  • Transcribing agency: JO-AjAnu

100 ## - HEADING--PERSONAL NAME

  • Personal name: اعداد الديوان الملكي العاشمي العامر؛ جمع وتحرير منتهى قبلان العبداللات؛ المتابعة والتنسيق جنان زكي ابو زياد واحرون

670 ## - SOURCE DATA FOUND

  • Source citation: Work cat.: (JO-AjAnu)30000: اعداد الديوان الملكي العاشمي العامر؛ جمع وتحرير منتهى قبلان العبداللات؛ المتابعة والتنسيق جنان زكي ابو زياد واحرون, author, الخطاب السامي لصاحب الجلالة الهاشمية الملك عبدالله الثاني ابن الحسين المعظم، المجلد الثامن عشر